Giáo dục học với việc đào tạo phẩm chất và năng lực nghề nghiệp phòng cháy chữa cháy, cứu nạn cứu hộ cho học viên trường đại học phòng cháy chữa cháy /

Kaydedildi:
Detaylı Bibliyografya
Yazar: Nguyễn Thị Hải Vân.
Diğer Yazarlar: Nguyễn Đức Quỳnh.
Materyal Türü: Makale
Dil:Vietnamese
Etiketler: Etiketle
Etiket eklenmemiş, İlk siz ekleyin!
Thư viện lưu trữ: Thư viện Trường Đại học Đà Lạt
LEADER 00957nam a2200241 4500
001 DLU170182708
005 ##20171227
040 # # |a DLU  |b vie 
041 # # |a vie 
044 # # |a vn 
100 # # |a Nguyễn Thị Hải Vân. 
245 # # |a Giáo dục học với việc đào tạo phẩm chất và năng lực nghề nghiệp phòng cháy chữa cháy, cứu nạn cứu hộ cho học viên trường đại học phòng cháy chữa cháy /  |c Nguyễn Thị Hải Vân, Nguyễn Đức Quỳnh. 
700 # # |a Nguyễn Đức Quỳnh. 
773 # # |t Tâm lý học và giáo dục học với phát triển phẩm chất và năng lực người học  |g 2015, tr. 412-418 
920 # # |a Phòng Sau đại học -- Trung tâm Thông tin - Thư viện Trường Đại học Đà Lạt 
994 # # |a DLU 
900 # # |a True 
911 # # |a Hoàng Thị Huyền 
925 # # |a G 
926 # # |a A 
927 # # |a BB 
980 # # |a Thư viện Trường Đại học Đà Lạt